000 00533nam a2200169Ia 4500
999 _c13618
_d13618
003 OSt
005 20231227160749.0
008 190216s9999||||xx |||||||||||||| ||und||
040 _coclc
082 _a822.33
_bSHA/M
100 1 _aShakespeare, William,
_d1564-1616
_vAdaptations
_974
245 0 _aMacbeth Text With Guide /
_cWilliam Shakespeare
260 _bManohar Book Dippo,
_c1992.
_aCalicut :
300 _a210p
650 _aEnglish Novel-English Novel
942 _cBK
_2ddc
_h822.33
_iSHA/M
_k822.33
_mSHA/M